30 Facts That Start with 'D' Quiz Stats

 Plays Quiz Updated Nov 7, 2017

Challenge
Share
Tweet
Embed
Score 0/30 Timer 05:00
3 Plays Today
Question Answer % Correct
What is the capital city of the Republic of Ireland?Dublin
96.4%
Huey, Dewey, and Louie are the nephews of what cartoon character?Donald (Duck)
90.3%
Published in 1897, what famous horror novel was written by Bram Stoker?Dracula
84.9%
Native to Mauritius, what flightless bird became extinct in the 1660s?Dodo
84.7%
Which English naturalist published 'On the Origin of Species' in 1859?Darwin (Charles)
84.5%
What is the fourth letter of the Greek alphabet?Delta
84.1%
The Burj Al Arab is a luxury hotel in what city?Dubai
78.9%
Born in 1996, what name was given to the world's first cloned sheep?Dolly
76.7%
Who invented the Dual Cyclone bagless vacuum cleaner?Dyson (James)
73.4%
The Latin word for dragon, what is the first name of Hogwarts student Malfoy?Draco
73.1%
'Bridging', 'Capping' and 'Crowning' are terms common to what profession?Dentistry
72.5%
What was the middle name of US President Franklin Roosevelt?Delano
70.5%
By what first name was jazz musician Edward Ellington better known?Duke
70.2%
Who played Private Ryan in the 1998 film 'Saving Private Ryan'?Damon (Matt)
69.7%
Greg Louganis and Guo Jingjing are names associated with what Olympic event?Diving
69.6%
Question Answer % Correct
Played by Larry Hagman, J.R. Ewing was a character in which TV series?Dallas
69%
What name is given to a polygon with ten sides?Decagon
68%
John McClane is the hero of what series of action movies?Die Hard
66.5%
Originally from German, what word describes a ghostly double of a living person?Doppelgänger
64.8%
Since it was recategorised in 2006, what word precedes 'planet' to describe Pluto?Dwarf
61.9%
'The Chronic' was the first album released by which rapper?Dr. Dre
61%
James Van Der Beek and Katie Holmes were the stars of which teen drama series?Dawson's Creek
60.3%
'Sausage Dog' is an alternative name for what breed of dog?Dachshund
56.7%
Simon Le Bon was the lead singer of what 1980s pop band?Duran Duran
55.4%
When referring to high-end TVs, what does the 'D' in 'LCD TV' stand for?Display
54.2%
Who plays Jess Day in TV series 'New Girl'?Deschanel (Zooey)
52.8%
Who wrote the 1719 novel 'Robinson Crusoe'?Defoe (Daniel)
38.3%
Which Hindu festival is also known as 'The Festival of Lights'?Diwali
35.9%
Muttley the dog is the side-kick of which accident prone cartoon character?Dastardly (Dick)
27.5%
Linked with Aeneas, who was the first Queen of Carthage?Dido
18.4%

You're not logged in!

Compare scores with friends on all Sporcle quizzes.
Join for Free
OR
Log In

You Might Also Like...

Show Comments

Extras

Top Quizzes Today


Score Distribution

Your Account Isn't Verified!

In order to create a playlist on Sporcle, you need to verify the email address you used during registration. Go to your Sporcle Settings to finish the process.

Report this User

Report this user for behavior that violates our Community Guidelines.

Details: